00669nam a2200217 a 450000100090000000800410000901000150005002000190006505000140008410000290009824500840012725000120021126000440022330000240026735000110029150000510030265000220035365000210037565000320039670000230042816887235170331s2012 ||||||||||||||||| || u a2011030662 a9781455705511  aRT 71 Bil aBillings, Diane McGovern10aTeaching in nursing: a guide for facultycDiane M. Billings, Judith A. Halstead a4th ed. aSt. Louis, Mo.bElsevier/Saundersc2012 axviii, 573 p. : ill a105.00 aIncludes bibliographical references and index. 3aTEACHING--METHODS 3aFACULTY, NURSING aEDUCATION, NURSING--METHODS aHalstead, Judith A